000 01031nam a22003377a 4500
003 CHAP
005 20220817044346.0
008 100624s200 mx a r 00010 spa d
010 _a98802
011 _a99774
020 _a8470911465
035 _a110460
040 _cCHAP
082 0 4 _a580.742
_bM92
245 0 3 _aEl mundo de las hierbas
_c/por El mundo de las hierbas
260 _aBarcelona, Esp. :
_bVidorama,
_c[1979]
300 _a124 p. :
_bilus.
534 _ptit. original
_tEnciclopedya of herbs
590 _aBATCH-UPD
_b10
_c20130110
_lUCH01
_h1137
590 _aBATCH-UPD
_b10
_c20130410
_lUCH01
_h0724
590 _aBATCH-UPD
_b10
_c20130914
_lUCH01
_h0738
590 _aCONVERSION
_b10
_c20130109
_lUCH01
_h1355
650 0 4 _aBotánica médica.
_914680
650 0 4 _aBotánica.
_914477
650 0 4 _aHerbarios.
_953677
650 0 4 _aPlantas
_xColección y preservación.
901 _aBK
911 _aen proceso
942 _cLIBRO
949 _a580.742 M92
_bBC
_cC
_d33724002177793
_eC
_gI.c/e
_h580.742
_i110460
_sb
999 _c98802
_d98802